000 00238nam a2200097 a 4500
005 20200930065803.0
008 110725s1929 000 spa d
245 0 _aLey de habeas corpus.
260 _aSanto Domingo,
_c1929.
999 _c32196
_d32196
040 _aDO-SdBNP